| 000 | 00698nam a2200265Ia 4500 | ||
|---|---|---|---|
| 003 | GCL | ||
| 008 | 140319s9999 xx 000 0 eng d | ||
| 040 |
_aGCL / _cGCL |
||
| 082 | 0 | 4 |
_aREF _b956 _bE M |
| 100 | 1 | _aEUROPA PUBLICATIONS LIMITED | |
| 245 | 1 | 0 |
_aTHE MIDDLE EAST AND NORTH AFRICA 1999 / _cEUROPA PUBLICATIONS LIMITED |
| 260 |
_a[S.N] : _bEUROPA PUBLICATIONS LIMITED ، _c1999 |
||
| 300 | _a1175 P | ||
| 650 | 0 | 4 | _aORGANIZATION |
| 650 | 0 | 4 | _aAFRICA, NORTH - PERIODICALS |
| 650 | 0 | 4 | _aEGYPT |
| 650 | 0 | 4 | _aISRAEL |
| 650 | 0 | 4 | _aMOROCCO |
| 650 | 0 | 4 | _aKUWAIT |
| 650 | 0 | 4 | _aLIBYA |
| 650 | 0 | 4 | _aIRAN |
| 650 | 0 | 4 | _aTUNISIA |
| 650 | 0 | 4 | _aMIDDLE EAST - PERIODICALS |
| 942 |
_2ddc _cREF |
||
| 999 |
_c26569 _d26569 |
||